[Event "Salon de Provence op 9th"]
[Site "Salon de Provence"]
[Date "2017.07.07"]
[Round "7"]
[White "Petrosyan, Armen K"]
[Black "Wurtz, Guillaume"]
[Result "1-0"]
[WhiteElo "2431"]
[BlackElo "2014"]
[PlyCount "85"]
[EventDate "2017.07.07"]
[EventType "swiss"]
[EventRounds "7"]
[EventCountry "FRA"]
[SourceTitle "EXT 2020"]
[Source "ChessBase"]
[SourceDate "2019.10.17"]
[SourceVersion "1"]
[SourceVersionDate "2019.10.17"]
[SourceQuality "1"]

1. e4 c5 2. Nf3 d6 3. Bb5+ Nd7 4. c3 a6 5. Ba4 b5 6. Bc2 Ngf6 7. d4 e5 8. 0-0 Be7 9. Re1 0-0 10. Nbd2 Qc7 11. Nf1 Re8 12. Ng3 Nf8 13. h3 Ne6 14. Be3 Bb7 15. d5 Nf4 16. Qd2 N6h5 17. Nf5 Bc8 18. g3 Ng6 19. Nh2 Qd8 20. Ng4 Nf6 21. Rad1 Bxf5 22. exf5 Nf8 23. Nxe5 dxe5 24. d6 Rc8 25. dxe7 Qxe7 26. Qd6 a5 27. g4 h6 28. Qxe7 Rxe7 29. Rd6 Rb7 30. Red1 c4 31. Rd8 Rbb8 32. Rxc8 Rxc8 33. Rd6 Rb8 34. Ra6 a4 35. Rd6 N8h7 36. f3 Kf8 37. h4 Ke7 38. Bc5 Ke8 39. Kf2 Nd7 40. Bb4 Nhf6 41. g5 hxg5 42. hxg5 Nh7 43. Be4 1-0

[Event "FRA-chTB U20 1011"]
[Site "France"]
[Date "2010.12.20"]
[Round "7.1"]
[White "Wurtz, Guillaume"]
[Black "Kirk, Ezra"]
[Result "0-1"]
[WhiteElo "1930"]
[BlackElo "2127"]
[PlyCount "82"]
[EventDate "2010.11.20"]
[EventType "team-tourn"]
[EventRounds "7"]
[EventCountry "FRA"]
[SourceTitle "EXT 2012"]
[Source "ChessBase"]
[SourceDate "2011.11.24"]
[SourceVersion "1"]
[SourceVersionDate "2011.11.24"]
[SourceQuality "1"]
[WhiteTeam "Bischwiller"]
[BlackTeam "Clichy"]
[WhiteTeamCountry "FRA"]
[BlackTeamCountry "FRA"]

1. d4 Nf6 2. c4 g6 3. Nc3 Bg7 4. e4 d6 5. Nf3 0-0 6. Be2 Na6 7. 0-0 e5 8. d5 Nc5 9. Qc2 a5 10. Ne1 Nfd7 11. Be3 f5 12. f3 f4 13. Bf2 g5 14. b3 b6 15. a3 a4 16. b4 Nb3 17. Rd1 Nd4 18. Qd3 Nxe2+ 19. Qxe2 Rf6 20. Nd3 Bf8 21. Rc1 Rg6 22. Kh1 Nf6 23. c5 g4 24. cxb6 cxb6 25. Bg1 g3 26. h3 Bxh3 27. gxh3 g2+ 28. Kh2 gxf1N+ 29. Qxf1 Nh5 30. Qf2 Rg3 31. Ne2 Rg7 32. Qxb6 Qg5 33. Qf2 Ng3 34. Nc3 Be7 35. Ne1 Rc8 36. Ng2 Bd8 37. Na2 Rxc1 38. Nxc1 Bb6 39. Qc2 Rc7 40. Qb2 Bxg1+ 41. Kxg1 Rxc1+ 0-1

[Event "FRA-chTB U20 1011"]
[Site "France"]
[Date "2010.11.21"]
[Round "2.1"]
[White "Viennot, Dylan"]
[Black "Wurtz, Guillaume"]
[Result "1-0"]
[WhiteElo "2032"]
[BlackElo "1930"]
[PlyCount "65"]
[EventDate "2010.11.20"]
[EventType "team-tourn"]
[EventRounds "7"]
[EventCountry "FRA"]
[SourceTitle "EXT 2012"]
[Source "ChessBase"]
[SourceDate "2011.11.24"]
[SourceVersion "1"]
[SourceVersionDate "2011.11.24"]
[SourceQuality "1"]
[WhiteTeam "Mulhouse"]
[BlackTeam "Bischwiller"]
[WhiteTeamCountry "FRA"]
[BlackTeamCountry "FRA"]

1. e4 e6 2. d4 d5 3. Nd2 Nf6 4. e5 Nfd7 5. Bd3 b6 6. Ne2 Ba6 7. Bxa6 Nxa6 8. a3 c5 9. c3 Nc7 10. 0-0 Be7 11. f4 f5 12. exf6 Nxf6 13. Ng3 cxd4 14. cxd4 0-0 15. Qe2 Bd6 16. Nf3 Qe8 17. Bd2 a5 18. Rae1 Qa4 19. Qd3 Qc4 20. Qxc4 dxc4 21. Ne4 Nxe4 22. Rxe4 Rf6 23. Rfe1 h6 24. Ne5 Bxe5 25. dxe5 Rf7 26. Rxc4 Rd8 27. Bc1 Nd5 28. Rd1 Rfd7 29. Rc6 Kf7 30. f5 Re7 31. Re1 Rc7 32. Rd6 Rdd7 33. fxe6+ 1-0

[Event "Wasselonne op"]
[Site "Wasselonne"]
[Date "2009.08.09"]
[Round "6"]
[White "Wurtz, Guillaume"]
[Black "Ohnmacht, Rolf"]
[Result "1/2-1/2"]
[WhiteElo "1820"]
[BlackElo "1945"]
[PlyCount "22"]
[EventDate "2009.08.06"]
[EventType "swiss"]
[EventRounds "7"]
[EventCountry "FRA"]
[SourceTitle "EXT 2011"]
[Source "ChessBase"]
[SourceDate "2010.11.26"]
[SourceVersion "1"]
[SourceVersionDate "2010.11.26"]
[SourceQuality "1"]

1. e4 d5 2. exd5 Nf6 3. d4 Nxd5 4. c4 Nf6 5. Nc3 e6 6. Nf3 b6 7. Bg5 Be7 8. Bd3 Bb7 9. Bc2 Nbd7 10. Qd2 h6 11. Bh4 Nh5 1/2-1/2

[Event "FRA-chT U20 0809"]
[Site "Sautron"]
[Date "2009.01.03"]
[Round "6.2"]
[White "Wurtz, Guillaume"]
[Black "Auvray, Juliette"]
[Result "1-0"]
[WhiteElo "1777"]
[BlackElo "1880"]
[PlyCount "53"]
[EventDate "2008.10.??"]
[EventType "team-tourn"]
[EventRounds "11"]
[EventCountry "FRA"]
[SourceTitle "EXT 2010"]
[Source "ChessBase"]
[SourceDate "2010.11.25"]
[SourceVersion "1"]
[SourceVersionDate "2010.11.25"]
[SourceQuality "1"]

1. e4 d5 2. exd5 Qxd5 3. Nc3 Qd6 4. d4 Nf6 5. g3 a6 6. Bg2 Nc6 7. Nf3 Bf5 8. 0-0 0-0-0 9. Bf4 Qb4 10. Qc1 Nxd4 11. Nxd4 Qxd4 12. Rd1 Qc5 13. Rxd8+ Kxd8 14. Bxb7 Qb6 15. Qd2+ Bd7 16. Bg2 Kc8 17. Nd5 Nxd5 18. Qxd5 c6 19. Qxf7 Qxb2 20. Rd1 Qxc2 21. Rc1 Qb2 22. Bxc6 Qxc1+ 23. Bxc1 Bxc6 24. Bf4 Kb7 25. Qb3+ Bb5 26. a4 Kc6 27. Qc3+ 1-0

[Event "FRA-ch U10"]
[Site "Le Grand Bornand"]
[Date "2007.04.??"]
[Round "4"]
[White "Wurtz, Guillaume"]
[Black "Ton That, Nicolas"]
[Result "1/2-1/2"]
[WhiteElo "1569"]
[BlackElo "1862"]
[PlyCount "89"]
[EventDate "2007.04.07"]
[EventType "swiss"]
[EventRounds "9"]
[EventCountry "FRA"]
[SourceTitle "CBM 118 Extra"]
[Source "ChessBase"]
[SourceDate "2007.07.04"]
[SourceVersion "1"]
[SourceVersionDate "2007.07.04"]
[SourceQuality "1"]

1. e4 c5 2. Nf3 Nc6 3. Nc3 g6 4. d4 cxd4 5. Nxd4 Bg7 6. Be3 Nf6 7. Be2 0-0 8. 0-0 d5 9. exd5 Nb4 10. Bf3 Nbxd5 11. Nxd5 Nxd5 12. Bg5 Nc7 13. c3 Ne6 14. Nxe6 Bxe6 15. Qxd8 Rfxd8 16. Bxe7 Rd2 17. Ba3 Bf8 18. Bxf8 Kxf8 19. b3 Rc8 20. c4 b6 21. Rfd1 Rcd8 22. Kf1 Ke7 23. Ke1 Rb2 24. Rxd8 Kxd8 25. Rd1+ Ke7 26. Rd2 Rb1+ 27. Ke2 Kf6 28. Bc6 Ra1 29. h3 h6 30. Be4 Ke5 31. Bd5 Bxd5 32. Rxd5+ Ke4 33. Rd2 f6 34. f3+ Kf4 35. Kf2 h5 36. g3+ Ke5 37. a4 Rh1 38. Kg2 Rb1 39. Rd3 Rb2+ 40. Kf1 g5 41. Rd5+ Ke6 42. Rd3 Ke5 43. Rd5+ Ke6 44. Rd3 Ke5 45. Rd5+ 1/2-1/2

[Event "FRA-chT U20a 0405"]
[Site "France"]
[Date "2005.05.15"]
[Round "9.10"]
[White "Boudia, Samy"]
[Black "Wurtz, Guillaume"]
[Result "0-1"]
[WhiteElo "1110"]
[BlackElo "1480"]
[PlyCount "88"]
[EventDate "2004.11.19"]
[EventType "team"]
[EventRounds "11"]
[EventCountry "FRA"]
[SourceTitle "EXT 2006"]
[Source "ChessBase"]
[SourceDate "2005.11.24"]
[SourceVersion "1"]
[SourceVersionDate "2005.11.24"]
[SourceQuality "1"]

1. d4 d5 2. e3 e6 3. c4 Nf6 4. Nc3 c5 5. Nf3 Nc6 6. Be2 Be7 7. 0-0 0-0 8. Bd2 Qb6 9. b3 cxd4 10. exd4 dxc4 11. bxc4 Nxd4 12. Rb1 Nxe2+ 13. Nxe2 Qc7 14. Qc2 Rd8 15. Rfd1 b6 16. Bf4 Rxd1+ 17. Rxd1 Qc5 18. Be5 Bb7 19. Bd4 Qc8 20. Be5 h6 21. Ned4 Ba6 22. Nd2 Ng4 23. Bg3 Bc5 24. N2b3 Be7 25. Nb5 Bxb5 26. Bd6 Bxd6 27. Rxd6 Qxc4 28. Qxc4 Bxc4 29. Rd4 Bxb3 30. axb3 Rc8 31. Rd1 Nf6 32. h3 Kf8 33. Kh2 Rc3 34. b4 Rc4 35. Ra1 Rxb4 36. Rxa7 Rb2 37. f3 Nd5 38. Kg3 Ne3 39. Kf4 Nxg2+ 40. Ke5 Rd2 41. Rb7 Rd5+ 42. Ke4 b5 43. Rb8+ Ke7 44. Rb7+ Kf6 0-1

[Event "FRA-chT U20a 0405"]
[Site "France"]
[Date "2005.05.15"]
[Round "10.7"]
[White "Rigolot, Lucie"]
[Black "Wurtz, Guillaume"]
[Result "0-1"]
[WhiteElo "1650"]
[BlackElo "1480"]
[PlyCount "70"]
[EventDate "2004.11.19"]
[EventType "team"]
[EventRounds "11"]
[EventCountry "FRA"]
[SourceTitle "EXT 2006"]
[Source "ChessBase"]
[SourceDate "2005.11.24"]
[SourceVersion "1"]
[SourceVersionDate "2005.11.24"]
[SourceQuality "1"]

1. e4 e6 2. d4 d5 3. Nd2 Nf6 4. e5 Nfd7 5. Bd3 c5 6. c3 Nc6 7. Ne2 Qb6 8. Nf3 cxd4 9. cxd4 f6 10. exf6 Nxf6 11. 0-0 Bd6 12. Bd2 0-0 13. Re1 Bd7 14. h3 Rac8 15. b3 a6 16. a3 Na5 17. b4 Nc4 18. Bc3 Bb8 19. Ne5 Bb5 20. Nf4 Nxe5 21. dxe5 Rxc3 22. exf6 Bxf4 23. fxg7 Rf6 24. Bxb5 axb5 25. Qe2 Bh6 26. Qe5 Qxf2+ 27. Kh1 Bd2 28. Rg1 Qf4 29. Qe2 Qe3 30. Qh5 Rc8 31. Qh4 Qg5 32. Qxg5 Bxg5 33. Rae1 Kxg7 34. g4 Rc3 35. Kh2 Rf2+ 0-1

[Event "FRA-chT U20 0405"]
[Site "Lyon"]
[Date "2004.12.20"]
[Round "7.7"]
[White "Aggoune, Audessa"]
[Black "Wurtz, Guillaume"]
[Result "0-1"]
[WhiteElo "1230"]
[BlackElo "1480"]
[PlyCount "90"]
[EventDate "2004.11.??"]
[EventType "team"]
[EventRounds "7"]
[EventCountry "FRA"]
[SourceTitle "EXT 2006"]
[Source "ChessBase"]
[SourceDate "2005.11.24"]
[SourceVersion "1"]
[SourceVersionDate "2005.11.24"]
[SourceQuality "1"]
[WhiteTeam "Marseille Duchamps"]
[BlackTeam "Bischwiller"]
[WhiteTeamCountry "FRA"]
[BlackTeamCountry "FRA"]

1. d4 d5 2. c4 e6 3. Nc3 Nf6 4. Nf3 Be7 5. Bf4 c5 6. e3 Nc6 7. Bd3 a6 8. a4 Qb6 9. Rb1 cxd4 10. exd4 Nxd4 11. Nxd4 Qxd4 12. cxd5 Qxf4 13. dxe6 Bxe6 14. 0-0 0-0 15. Qe2 Ng4 16. g3 Qc7 17. Rbc1 Qe5 18. Qf3 Rad8 19. Rcd1 Qc7 20. Rc1 Qb6 21. Ne4 Nf6 22. Ng5 Bd5 23. Qe2 Rfe8 24. Qc2 h6 25. Nh7 Bb3 26. Nxf6+ Bxf6 27. Qb1 Bxa4 28. Rc4 Rxd3 29. Rxa4 Qxb2 30. Qxd3 Rd8 31. Qb1 Qxb1 32. Rxb1 Rb8 33. Rab4 b5 34. R1b3 Be7 35. Rd4 a5 36. Rd5 Bb4 37. Rbd3 Kh7 38. Rd8 Rxd8 39. Rxd8 Be7 40. Rd1 a4 41. Rd5 b4 42. Rd1 a3 43. Rd7 a2 44. Ra7 b3 45. Ra3 Bxa3 0-1

[Event "FRA-chT U20 0405"]
[Site "Lyon"]
[Date "2004.12.19"]
[Round "5.7"]
[White "Cabanes, Kim"]
[Black "Wurtz, Guillaume"]
[Result "1-0"]
[WhiteElo "1730"]
[BlackElo "1480"]
[PlyCount "41"]
[EventDate "2004.11.??"]
[EventType "team"]
[EventRounds "7"]
[EventCountry "FRA"]
[SourceTitle "EXT 2006"]
[Source "ChessBase"]
[SourceDate "2005.11.24"]
[SourceVersion "1"]
[SourceVersionDate "2005.11.24"]
[SourceQuality "1"]
[WhiteTeam "Montpellier"]
[BlackTeam "Bischwiller"]
[WhiteTeamCountry "FRA"]
[BlackTeamCountry "FRA"]

1. e4 e6 2. d4 d5 3. Nd2 dxe4 4. Nxe4 Nf6 5. Nxf6+ Qxf6 6. Nf3 h6 7. c3 Be7 8. Bd3 Nd7 9. 0-0 0-0 10. Qe2 c5 11. Be3 b6 12. Be4 Rb8 13. Bc6 e5 14. Bxd7 exd4 15. Bf4 Qxf4 16. Bxc8 Bd6 17. g3 d3 18. Qxd3 c4 19. Qf5 Qxf5 20. Bxf5 Rfe8 21. Rfe1 1-0

[Event "FRA-chT U20 0405"]
[Site "Lyon"]
[Date "2004.12.19"]
[Round "6.10"]
[White "Pouillard, Cecile"]
[Black "Wurtz, Guillaume"]
[Result "1/2-1/2"]
[WhiteElo "1320"]
[BlackElo "1480"]
[PlyCount "102"]
[EventDate "2004.11.??"]
[EventType "team"]
[EventRounds "7"]
[EventCountry "FRA"]
[SourceTitle "EXT 2006"]
[Source "ChessBase"]
[SourceDate "2005.11.24"]
[SourceVersion "1"]
[SourceVersionDate "2005.11.24"]
[SourceQuality "1"]
[WhiteTeam "Creteil"]
[BlackTeam "Bischwiller"]
[WhiteTeamCountry "FRA"]
[BlackTeamCountry "FRA"]

1. e4 e6 2. d4 d5 3. Nc3 dxe4 4. Nxe4 Nd7 5. Nf3 Ngf6 6. Bd3 c5 7. 0-0 Be7 8. Bf4 0-0 9. Nd6 Nh5 10. Qe2 Nxf4 11. Qe4 Nxd3 12. Qxd3 Bxd6 13. h4 Nf6 14. Rad1 cxd4 15. Nxd4 Be5 16. c3 Qd5 17. Nf3 Qxd3 18. Rxd3 Bc7 19. Re1 b6 20. Ne5 Bxe5 21. Rxe5 Bb7 22. Rg3 Ne4 23. Rg4 h5 24. Rf4 Rad8 25. Rxh5 Rd5 26. Rxd5 Bxd5 27. f3 Ng3 28. Rg4 Ne2+ 29. Kf2 Nc1 30. a3 Nd3+ 31. Kg1 Nxb2 32. h5 Kh7 33. Rh4 Nc4 34. g4 Bxf3 35. g5 Bd5 36. h6 g6 37. Kf2 Nxa3 38. Kg3 Rc8 39. c4 Rxc4 40. Rh2 Rc2 41. Rh3 Rc3+ 42. Kh4 Rxh3+ 43. Kxh3 a5 44. Kg3 Nc2 45. Kf2 b5 46. Ke2 a4 47. Kd1 Ne3+ 48. Kc1 b4 49. Kb2 a3+ 50. Ka1 b3 51. Kb1 b2 1/2-1/2

[Event "FRA-chT U20 0405"]
[Site "France"]
[Date "2004.11.21"]
[Round "3.9"]
[White "Delvaux, Robin"]
[Black "Wurtz, Guillaume"]
[Result "0-1"]
[WhiteElo "1360"]
[BlackElo "1480"]
[PlyCount "88"]
[EventDate "2004.11.20"]
[EventType "team"]
[EventRounds "11"]
[EventCountry "FRA"]
[SourceTitle "CBM 103 Extra"]
[Source "ChessBase"]
[SourceDate "2005.01.01"]
[SourceVersion "1"]
[SourceVersionDate "2005.01.01"]
[SourceQuality "1"]

1. e4 e5 2. Nc3 Nf6 3. f4 d5 4. fxe5 Nxe4 5. d3 Nxc3 6. bxc3 c5 7. d4 Nc6 8. Nf3 Be7 9. Be2 Bf5 10. 0-0 0-0 11. Bf4 Rc8 12. Bd3 Bg6 13. Rb1 b6 14. Qd2 Re8 15. Rfe1 cxd4 16. cxd4 Bb4 17. c3 Bxc3 18. Qxc3 Nxe5 19. Qd2 Nxd3 20. Rxe8+ Qxe8 21. Rf1 Nxf4 22. Qxf4 h6 23. Ne5 Bh5 24. h3 f6 25. Ng4 Rc2 26. Ne3 Rxa2 27. Nxd5 Bf7 28. Ne3 a5 29. Qg3 Ra3 30. Rf3 Bh5 31. Nf5 Ra1+ 32. Rf1 Rxf1+ 33. Kxf1 Qb5+ 34. Kg1 Qxf5 35. Qb8+ Kh7 36. Qxb6 Qd5 37. Qb1+ Bg6 38. Qd1 Kh8 39. Qg4 Qf7 40. Qc8+ Qe8 41. Qa6 Qe3+ 42. Kh2 Qxd4 43. Qxa5 Qf4+ 44. Kg1 Kh7 0-1

[Event "FRA-chT U20 0405"]
[Site "France"]
[Date "2004.11.21"]
[Round "3.7"]
[White "Wurtz, Guillaume"]
[Black "Lantz, Robin"]
[Result "1-0"]
[WhiteElo "1480"]
[BlackElo "1240"]
[PlyCount "81"]
[EventDate "2004.11.20"]
[EventType "team"]
[EventRounds "11"]
[EventCountry "FRA"]
[SourceTitle "CBM 103 Extra"]
[Source "ChessBase"]
[SourceDate "2005.01.01"]
[SourceVersion "1"]
[SourceVersionDate "2005.01.01"]
[SourceQuality "1"]

1. e4 c5 2. Nf3 Nc6 3. d4 cxd4 4. Nxd4 g6 5. Be2 Bg7 6. Be3 Nf6 7. Nc3 0-0 8. 0-0 d6 9. Qd2 Be6 10. a3 d5 11. exd5 Nxd5 12. Nxc6 bxc6 13. Nxd5 Bxd5 14. Bh6 Bxh6 15. Qxh6 e5 16. Rad1 Qb6 17. b4 a6 18. Qg5 f6 19. Qg4 Rfe8 20. Qh4 Kg7 21. c4 Be6 22. Bf3 Bxc4 23. Qxc4 a5 24. Rd6 Rec8 25. b5 Rd8 26. Rxc6 Qa7 27. Rc7+ Qxc7 28. Qxc7+ Kh6 29. Bxa8 Rxa8 30. Rd1 Kg5 31. Qxh7 Rc8 32. h4+ Kg4 33. Qd7+ Kxh4 34. Qxc8 f5 35. Qh8+ Kg4 36. Qxe5 g5 37. Rd4+ f4 38. f3+ Kh5 39. Rd6 Kh4 40. Qh8+ Kg3 41. Qh3# 1-0

[Event "FRA-chT U20 0405"]
[Site "France"]
[Date "2004.11.20"]
[Round "1.10"]
[White "Wurtz, Guillaume"]
[Black "Antonnucci, Nicolas"]
[Result "1-0"]
[WhiteElo "1480"]
[BlackElo "1520"]
[PlyCount "115"]
[EventDate "2004.11.20"]
[EventType "team"]
[EventRounds "11"]
[EventCountry "FRA"]
[SourceTitle "CBM 103 Extra"]
[Source "ChessBase"]
[SourceDate "2005.01.01"]
[SourceVersion "1"]
[SourceVersionDate "2005.01.01"]
[SourceQuality "1"]

1. e4 e5 2. Nf3 Nc6 3. Bc4 Bc5 4. Nc3 d6 5. h3 h6 6. d3 Bd7 7. Nd5 Nf6 8. 0-0 Nxd5 9. Bxd5 0-0 10. c3 Qf6 11. a3 Qg6 12. Nh4 Qf6 13. Qh5 Kh7 14. Nf5 Qg6 15. Qf3 Rab8 16. a4 a6 17. b4 Ba7 18. c4 Nxb4 19. Ne7 Qf6 20. Qxf6 gxf6 21. Rb1 Nxd3 22. Rxb7 Rxb7 23. Bxb7 Re8 24. Nd5 Rg8 25. Nxf6+ Kg7 26. Nxg8 Bxf2+ 27. Rxf2 Nxf2 28. Kxf2 Kxg8 29. Bxh6 Bxa4 30. Bxa6 Bc6 31. Ke3 Kh7 32. Bg5 Ba8 33. Bd8 c6 34. Bc7 d5 35. exd5 cxd5 36. cxd5 Bxd5 37. Bd3+ Kg7 38. Bxe5+ f6 39. Bg3 Bxg2 40. h4 Kh6 41. Be4 Bf1 42. Kf4 Kh5 43. Kf5 Be2 44. Kxf6 Kg4 45. Be1 Bd1 46. Bf5+ Kf4 47. Kg6 Ke5 48. Kg5 Kd6 49. Bg4 Bc2 50. h5 Ke5 51. h6 Bd3 52. Bc3+ Kd6 53. Bf5 Ke7 54. h7 Kf7 55. h8Q Ke7 56. Qf6+ Ke8 57. Bb4 Bxf5 58. Qe7# 1-0

[Event "FRA-chT U20 0304"]
[Site "France"]
[Date "2004.05.02"]
[Round "11"]
[White "Miget, Arthur"]
[Black "Wurtz, Guillaume"]
[Result "0-1"]
[WhiteElo "1009"]
[BlackElo "1009"]
[PlyCount "160"]
[EventDate "2003.11.??"]
[EventType "team"]
[EventRounds "11"]
[EventCountry "FRA"]
[SourceTitle "EXT 2005"]
[Source "ChessBase"]
[SourceDate "2004.11.15"]
[SourceVersion "1"]
[SourceVersionDate "2004.11.15"]
[SourceQuality "1"]
[WhiteTeam "Clichy"]
[BlackTeam "Bischwiller"]
[WhiteTeamCountry "FRA"]
[BlackTeamCountry "FRA"]

1. e4 e5 2. Nf3 Nc6 3. d4 exd4 4. Nxd4 Bc5 5. Be3 Qf6 6. c3 Nxd4 7. cxd4 Bb4+ 8. Nc3 Ne7 9. Bc4 Qc6 10. Qd3 Bxc3+ 11. bxc3 0-0 12. 0-0 d5 13. exd5 Nxd5 14. Rfe1 Nxe3 15. Rxe3 Qg6 16. Qxg6 hxg6 17. Rb1 b6 18. Bd5 Rb8 19. Re7 Bb7 20. Bxb7 Rxb7 21. d5 Rd8 22. c4 Kf8 23. Ree1 Rbb8 24. a4 a5 25. Rbd1 Re8 26. Kf1 Rxe1+ 27. Rxe1 Re8 28. Rd1 Re4 29. Rc1 Ke7 30. f3 Rd4 31. Ke2 Kd6 32. Ke3 Kc5 33. g4 Rxc4 34. Rxc4+ Kxc4 35. Ke4 Kc5 36. f4 Kd6 37. h4 Ke7 38. Ke5 f6+ 39. Ke4 Kd6 40. h5 gxh5 41. gxh5 b5 42. axb5 a4 43. Kd4 a3 44. Kc3 a2 45. Kb2 Kxd5 46. Kxa2 Kc5 47. Kb3 Kxb5 48. Kc3 Kc6 49. Kd4 Kd7 50. Ke4 Ke7 51. Kf5 Kf7 52. Ke4 Kg8 53. f5 c5 54. Kd5 c4 55. Kxc4 Kh7 56. Kd5 Kh6 57. Ke6 Kxh5 58. Kf7 Kg5 59. Kxg7 Kxf5 60. Kh6 Ke4 61. Kh5 f5 62. Kh4 Ke3 63. Kg3 f4+ 64. Kg2 Ke2 65. Kh2 f3 66. Kg3 f2 67. Kf4 f1Q+ 68. Ke5 Qh3 69. Kd5 Qh4 70. Ke5 Kd3 71. Kd5 Qh5+ 72. Kd6 Kc4 73. Ke6 Kd4 74. Kf6 Ke4 75. Ke6 Qh6+ 76. Ke7 Kd5 77. Kf7 Ke5 78. Ke7 Qh7+ 79. Kd8 Kd6 80. Kc8 Qc7# 0-1

[Event "FRA-chT U20 0304"]
[Site "France"]
[Date "2004.04.30"]
[Round "8"]
[White "Guinard, Charline"]
[Black "Wurtz, Guillaume"]
[Result "0-1"]
[WhiteElo "1060"]
[BlackElo "1009"]
[PlyCount "84"]
[EventDate "2003.11.??"]
[EventType "team"]
[EventRounds "11"]
[EventCountry "FRA"]
[SourceTitle "EXT 2005"]
[Source "ChessBase"]
[SourceDate "2004.11.15"]
[SourceVersion "1"]
[SourceVersionDate "2004.11.15"]
[SourceQuality "1"]
[WhiteTeam "Guingamp"]
[BlackTeam "Bischwiller"]
[WhiteTeamCountry "FRA"]
[BlackTeamCountry "FRA"]

1. e4 e5 2. Nc3 Nc6 3. Bc4 Bc5 4. Nf3 Nf6 5. d3 h6 6. 0-0 d6 7. Re1 Bg4 8. h3 Bh5 9. a3 Nd4 10. Na4 Nxf3+ 11. gxf3 0-0 12. Kf1 Qd7 13. Bb3 Qxh3+ 14. Ke2 Bxf3+ 15. Kd2 Bxd1 16. Rxd1 Ng4 17. Ke2 Qh2 18. Kd2 Qxf2+ 19. Kc3 Bd4+ 20. Kb4 Ne3 21. Rd2 Qf6 22. Re2 c5+ 23. Kb5 a6+ 24. Ka5 Qd8+ 25. Nb6 Ng4 26. Bd2 c4 27. dxc4 Qxb6+ 28. Ka4 Bc5 29. Ba2 Qxb2 30. Rg1 Bxg1 31. Bb3 b5+ 32. cxb5 axb5+ 33. Kb4 Bc5+ 34. Kxb5 Qxa3 35. Kc4 Qa6+ 36. Kc3 Qxe2 37. Bc4 Ra3+ 38. Kb2 Qxc4 39. c3 Rb8+ 40. Kc2 Ra2+ 41. Kd1 Rb1+ 42. Bc1 Qf1# 0-1

[Event "FRA-chT U20 0304"]
[Site "France"]
[Date "2004.01.04"]
[Round "7"]
[White "Cabanes, Kim"]
[Black "Wurtz, Guillaume"]
[Result "1-0"]
[WhiteElo "1550"]
[BlackElo "1009"]
[PlyCount "97"]
[EventDate "2003.11.??"]
[EventType "team"]
[EventRounds "11"]
[EventCountry "FRA"]
[SourceTitle "EXT 2005"]
[Source "ChessBase"]
[SourceDate "2004.11.15"]
[SourceVersion "1"]
[SourceVersionDate "2004.11.15"]
[SourceQuality "1"]
[WhiteTeam "Montpellier"]
[BlackTeam "Bischwiller"]
[WhiteTeamCountry "FRA"]
[BlackTeamCountry "FRA"]

1. e4 e5 2. Nf3 Nc6 3. d4 exd4 4. Bc4 Bc5 5. c3 dxc3 6. Bxf7+ Kxf7 7. Qd5+ Ke8 8. Qh5+ Kf8 9. Qxc5+ Ke8 10. Qxc3 Qf6 11. e5 Qg6 12. 0-0 Nge7 13. b3 d6 14. exd6 Bh3 15. Ng5 Bf5 16. dxe7 Bxb1 17. Bd2 Bf5 18. Nf3 Kxe7 19. Nh4 Qf7 20. Nxf5+ Qxf5 21. Qxg7+ Kd6 22. Qg3+ Kd7 23. Rad1 Rhg8 24. Bf4+ Ke6 25. Rfe1+ Kf6 26. Qf3 Rg4 27. Qc3+ Kg6 28. Bxc7 Rf8 29. Qd3 Qxd3 30. Rxd3 Rg8 31. Rg3 Rxg3 32. Bxg3 Nb4 33. a4 Rd8 34. h3 Rd3 35. Re7 Rxb3 36. Rxb7 a5 37. Ra7 Rb1+ 38. Kh2 h5 39. Rxa5 Nd3 40. Ra6+ Kg5 41. a5 Rb5 42. Ra8 Nc5 43. a6 Ra5 44. a7 Ne4 45. Rg8+ Kh6 46. a8Q Rxa8 47. Rxa8 Nxg3 48. Kxg3 Kg5 49. Rf8 1-0

[Event "FRA-chT U20 0304"]
[Site "France"]
[Date "2004.01.04"]
[Round "7"]
[White "Wurtz, Guillaume"]
[Black "Domenech, Vianney"]
[Result "0-1"]
[WhiteElo "1009"]
[BlackElo "1580"]
[PlyCount "56"]
[EventDate "2003.11.??"]
[EventType "team"]
[EventRounds "11"]
[EventCountry "FRA"]
[SourceTitle "EXT 2005"]
[Source "ChessBase"]
[SourceDate "2004.11.15"]
[SourceVersion "1"]
[SourceVersionDate "2004.11.15"]
[SourceQuality "1"]
[WhiteTeam "Bischwiller"]
[BlackTeam "Montpellier"]
[WhiteTeamCountry "FRA"]
[BlackTeamCountry "FRA"]

1. e4 c5 2. Nc3 d6 3. Nf3 Nf6 4. Bb5+ Bd7 5. Bxd7+ Nbxd7 6. d3 e6 7. Bg5 Be7 8. 0-0 0-0 9. d4 Rc8 10. Re1 Qb6 11. b3 cxd4 12. Na4 Qb5 13. Nxd4 Qxg5 14. Nf3 Qg6 15. Qd3 Nc5 16. Nxc5 Rxc5 17. c4 d5 18. cxd5 Rxd5 19. Qc4 b5 20. Qe2 Rdd8 21. e5 Nd5 22. Rac1 Nf4 23. Qf1 Nd3 24. Rc7 Nxe1 25. Qxe1 Bg5 26. Rxa7 Qc2 27. Nxg5 Rd1 28. Qxd1 Qxd1# 0-1

[Event "FRA-chT U20 0304"]
[Site "France"]
[Date "2003.11.23"]
[Round "3"]
[White "Wurtz, Guillaume"]
[Black "Treand, Victor"]
[Result "0-1"]
[WhiteElo "1009"]
[BlackElo "1070"]
[PlyCount "66"]
[EventDate "2003.11.??"]
[EventType "team"]
[EventRounds "11"]
[EventCountry "FRA"]
[SourceTitle "EXT 2005"]
[Source "ChessBase"]
[SourceDate "2004.11.15"]
[SourceVersion "1"]
[SourceVersionDate "2004.11.15"]
[SourceQuality "1"]
[WhiteTeam "Bischwiller"]
[BlackTeam "Nancy"]
[WhiteTeamCountry "FRA"]
[BlackTeamCountry "FRA"]

1. e4 c5 2. Nf3 Nc6 3. Bc4 g6 4. 0-0 Bg7 5. d3 e6 6. Nc3 Nge7 7. Bg5 0-0 8. Qd2 Qc7 9. Qf4 Qxf4 10. Bxf4 Nd4 11. Nxd4 Bxd4 12. Bh6 Rd8 13. Bg5 Re8 14. Be3 Nc6 15. Bxd4 Nxd4 16. Bb3 b6 17. a4 Ba6 18. Bc4 Bxc4 19. dxc4 Nxc2 20. Rac1 Nd4 21. Nb5 Ne2+ 22. Kh1 Nxc1 23. Nc7 Nd3 24. Nxe8 Rxe8 25. Kg1 Nxb2 26. Rb1 Nxc4 27. Rc1 Nd2 28. f3 Nb3 29. Rb1 c4 30. Kf2 d5 31. exd5 exd5 32. g4 f5 33. gxf5 gxf5 0-1